| 000 | 01539pam a2200469 a 4500 | ||
|---|---|---|---|
| 001 | 14946195 | ||
| 003 | GZU | ||
| 005 | 20260311134129.0 | ||
| 008 | 070730s2007 enk b 001 0 eng | ||
| 010 | _a 2007298234 | ||
| 015 |
_aGBA699177 _2bnb |
||
| 016 | 7 |
_a013608441 _2Uk |
|
| 020 |
_a9781861347428 _qhbk. |
||
| 020 |
_a1861347421 _qhbk. |
||
| 020 |
_a1861347413 _qpbk. |
||
| 020 |
_a9781861347411 _qpbk. |
||
| 022 | _a. | ||
| 035 | _a14946195 | ||
| 035 | _a(OCoLC)76798946 | ||
| 040 |
_aUKM _cUKM _dBAKER _dBWKUK _dYDXCP _dGZULib _beng _erda |
||
| 042 | _alccopycat | ||
| 043 | _ae-uk--- | ||
| 050 | 0 | 0 |
_aHV700. _bPRI 2007 |
| 100 | 1 |
_aPrice, Vicky. _eauthor |
|
| 245 | 1 | 0 |
_aTransforming society? : _bsocial work and sociology / _cVicky Price and Graeme Simpson ; consultant editor, Jo Campling. |
| 260 |
_aBristol : _bPolicy Press, _c2007. |
||
| 300 |
_aiv, 185 pages ; _c25 cm. |
||
| 336 |
_atext _btxt _2rdacontent |
||
| 337 |
_aunmediated _bn _2rdamedia |
||
| 338 |
_avolume _bnc _2rdacarrier |
||
| 504 | _aIncludes bibliographical references and index. | ||
| 505 | _a. | ||
| 520 | _a. | ||
| 650 | 0 |
_aSocial service _zGreat Britain. |
|
| 650 | 0 |
_aSocial status _xEconomic aspects _zGreat Britain. |
|
| 650 | 0 |
_aPoor families _zGreat Britain. |
|
| 650 | 0 |
_aFamily social work _zGreat Britain. |
|
| 700 | 1 |
_aSimpson, Graeme, _d1955- _eauthor |
|
| 710 | 2 | _aBritish Association of Social Workers. | |
| 856 | 4 | 1 |
_3Table of contents _uhttp://www.loc.gov/catdir/toc/fy0801/2007298234.html |
| 942 |
_2lcc _cBK _h700 _iPRI _kHV |
||
| 999 |
_c11692 _d11692 |
||